=LDR 00000nam 2200000 4500 =001 INLIS000000000050125 =005 20170419130659.0 =006 =007 =008 =020 ##$$a 978-602-6827-06-7 =035 ##$$0010-041700000000315 =040 ##$$a NBPDMAT =082 ##$$a 370. 15 =090 ##$$a 370.15 MAU s =100 ##$$a Maunah, Binti =245 ##$$a Sosiologi Pendidikan / binti Maunah. =250 ##$$a Cet. 1. =260 ##$$a Yogyakarta : Kalimedia, 2016 =300 ##$$a xi, 174 hlm. ; 20 cm. =650 ##$$a Sosiologi Pendidikan =850 ##$$a NBPDMAT